|
|
|
|
| LEADER |
00000cam a2200000 7i4500 |
| 001 |
0000008865 |
| 005 |
20021119093000.0 |
| 008 |
021119n |
| 020 |
|
|
|a 0091164818
|
| 050 |
0 |
0 |
|a HF5548.8
|b .S526
|
| 090 |
0 |
0 |
|a HF5548.8
|b .S526
|
| 100 |
0 |
|
|a Sidney, Elizabeth ,
|e author
|
| 245 |
0 |
0 |
|a Skills with people :
|b a guide for managers
|c Elizabeth Sidney, Margaret Brown and Michael Argyle
|
| 260 |
2 |
|
|a London :
|b Hutchinson ,
|c 1973.
|
| 300 |
|
|
|a 233 p. ; ;
|c 20 cm.
|
| 650 |
|
0 |
|a Management
|
| 650 |
|
0 |
|a Personnel management
|
| 650 |
|
0 |
|a Psychology, Industrial
|
| 700 |
0 |
|
|a Argyle, Michael ,
|e author
|
| 700 |
0 |
|
|a Brown, Margaret ,
|e author
|
| 999 |
|
|
|a 1000010276
|b Book
|c OPEN SHELF (30 DAYS)
|e Gong Badak Campus
|